00235nam a22000977a 4500040000700000082000800007100001300015245007500028260002400103300001000127 cSY a510 aEDWARD T aTheory and problems of mathematical methods for business and economics aNEW YORKbEDWc1993 a384p.